| 000 | 01109nam a2200289 a 4500 | ||
|---|---|---|---|
| 003 | OSt | ||
| 005 | 20231121114046.0 | ||
| 008 | 231115s2015 rm a|||| |||| 001 0 spa d | ||
| 020 | _a978-92-5-308931-4 | ||
| 040 |
_cCHAP _erda |
||
| 082 | 0 | 0 |
_222 _a338.19 _bF21 2015 |
| 245 | 0 | 3 |
_aEl estado de los mercados de productos básicos agrícolas 2015-16 : _bcomercio y seguridad alimentaria : lograr un mayor equilibrio entre las prioridades nacionales y el bien colectivo / _cpor FAO. |
| 264 | 1 |
_aRoma : _bFAO, _c2015. |
|
| 300 |
_ax, 83 páginas: _bfiguras, cuadros. |
||
| 336 |
_2rdacontent _atexto _btxt |
||
| 337 |
_2rdamedia _asin medio _bn |
||
| 338 |
_2rdacarrier _avolumen _bnc |
||
| 504 | _aIncluye referencias bibliográficas páginas: 79-83. | ||
| 650 | 4 |
_991951 _aProductos agrícolas _xMercadeo |
|
| 650 | 4 |
_9103673 _aSeguridad alimentaria |
|
| 650 | 4 |
_9158173 _aComercio de productos agrícolas |
|
| 650 | 4 |
_990470 _aPolítica comercial |
|
| 710 | 2 |
_9144278 _aOrganización de las Naciones Unidas para la Agricultura y la Alimentación (FAO) |
|
| 942 | _2ddc | ||
| 942 | _2ddc | ||
| 942 | _cLIBRO | ||
| 999 |
_c219399 _d219399 |
||